书目信息 |
| 题名: |
学习马克思关于再生产的理论
|
|
| 作者: | ||
| 分册: | ||
| 出版信息: | 北京 人民出版社 1980 |
|
| 页数: | 305 | |
| 开本: | 20cm | |
| 丛书名: | ||
| 单 册: | ||
| 中图分类: | A71 | |
| 科图分类: | ||
| 主题词: | 毛泽东--传记 , 恩格斯--生平事迹 , 恩格斯--传记 , 列宁--生平事迹 , 马克思--生事迹 , 马克思--传记 , 列宁--传记 , 毛泽东--生平事迹 | |
| 电子资源: | ||
| ISBN: | ||
| 000 | 00666nam0 2200253 450 | |
| 001 | 0735257515 | |
| 005 | 20070904094737.51 | |
| 010 | @d0.74 | |
| 100 | @a20070904d km y0chiy0120 ea | |
| 101 | 0 | @achi |
| 200 | 1 | @a学习马克思关于再生产的理论@Axue xi ma ke si guan yu zai sheng chan de li lun |
| 210 | @a北京@c人民出版社@d1980 | |
| 215 | @a305@d20cm | |
| 606 | 0 | @a毛泽东@x传记 |
| 606 | 0 | @a恩格斯@x生平事迹 |
| 606 | 0 | @a恩格斯@x传记 |
| 606 | 0 | @a列宁@x生平事迹 |
| 606 | 0 | @a马克思@x生事迹 |
| 606 | 0 | @a马克思@x传记 |
| 606 | 0 | @a列宁@x传记 |
| 606 | 0 | @a毛泽东@x生平事迹 |
| 690 | @aA71@v3 | |
| 801 | 0 | @aCN@bPFT@c20070904 |
| 905 | @a213230@dA71@ea12@f1 | |
| 学习马克思关于再生产的理论.-北京:人民出版社,1980 |
| 305;20cm |
| ISBN :0.74 |
| ● |
| 相关链接 |
|
|
|
|
正题名:学习马克思关于再生产的理论
索取号:A71/a12
 
预约/预借
| 序号 | 登录号 | 条形码 | 馆藏地/架位号 | 状态 | 备注 |
| 1 | 7500107 | 275001070 | 史法系资料室/ [索取号:A71/a12] | 在馆 |